000 00571cam a22002291 4500
001 sa 67001369
003 DLC
005 20260227112322.0
008 891031s1963 ii 000 0 hino
010 _asa 67001369
035 _a(OCoLC)20576554
040 _aDLC
_cWaU
_dNRU
_dDLC
042 _apremarc
050 0 0 _aPK2098.B22
_bA8 1963
100 1 _aBaccana,
_d1907-2003.
245 1 0 _aĀratī aura aṅgāre.
250 _a[3. saṃskaraṇa]
260 _aDillī,
_bRājapāla
_c[1963]
300 _a244 p.
_c19 cm.
500 _aIn Hindi.
500 _aPoems.
999 _c72575
_d72575